Taylor Swift 100 - Statistics

General Stats
  • This quiz has been taken 10 times
  • The average score is 190 of 349
Answer Stats
Answer % Correct
I
100%
a
89%
an
89%
and
89%
be
89%
know
89%
love
89%
me
89%
so
89%
to
89%
you
89%
day
78%
for
78%
in
78%
who
78%
your
78%
at
67%
best
67%
could
67%
hear
67%
if
67%
is
67%
my
67%
not
67%
on
67%
the
67%
was
67%
we
67%
when
67%
you're
67%
all
56%
am
56%
but
56%
don't
56%
got
56%
had
56%
have
56%
how
56%
I'm
56%
now
56%
or
56%
say
56%
that
56%
were
56%
with
56%
back
44%
didn't
44%
from
44%
his
44%
it's
44%
I've
44%
knew
44%
little
44%
of
44%
out
44%
their
44%
there
44%
this
44%
today
44%
up
44%
why
44%
away
33%
big
33%
brother
33%
coat
33%
days
33%
even
33%
excellent
33%
eyes
33%
father
33%
friends
33%
gettin'
33%
giving
33%
hold
33%
inside
33%
look
33%
mean
33%
old
33%
run
33%
take
33%
than
33%
three
33%
'til
33%
trees
33%
13
22%
age
22%
anything
22%
asleep
22%
better
22%
change
22%
cold
22%
come
22%
cryin'
22%
drive
22%
dwarves
22%
enough
22%
fall
22%
far
22%
five
22%
forgotten
22%
found
22%
god
22%
gonna
22%
grab
22%
grew
22%
he's
22%
home
22%
house
22%
keys
22%
kitchen
22%
lady
22%
making
22%
names
22%
okay
22%
paint
22%
pirate
22%
prettiest
22%
pretty
22%
princesses
22%
ride
22%
scared
22%
school
22%
set
22%
seven
22%
shine
22%
ships
22%
shop
22%
side
22%
space
22%
strength
22%
stronger
22%
talk
22%
talking
22%
tight
22%
town
22%
until
22%
watchin'
22%
way
22%
whole
22%
wide
22%
window
22%
world
22%
wrong
22%
years
22%
car
11%
daddy's
11%
feel
11%
laugh
11%
long
11%
near
11%
patch
11%
pumpkin
11%
sky
11%
smart
11%
smiles
11%
smilin'
11%
Snow
11%
staying
11%
White's
11%
chance
0%
gold
0%
hug
0%
laughin'
0%
legs
0%
past
0%
rides
0%
taking
0%
tractor
0%
video
0%
No matching quizzes found
Score Distribution
Percent of People with Each Score
Percentile by Number Answered
Your Score History
You have not taken this quiz